[Event "Lima Surco op 4th"]
[Site "Lima"]
[Date "2017.10.28"]
[Round "5"]
[White "Caja Cruz, Gabriel"]
[Black "Sinti Pio, Jesus Moises"]
[Result "1/2-1/2"]
[WhiteElo "1635"]
[BlackElo "1471"]
[PlyCount "52"]
[EventDate "2017.10.15"]
[EventType "swiss"]
[EventRounds "7"]
[EventCountry "PER"]
[SourceTitle "EXT 2019"]
[Source "ChessBase"]
[SourceDate "2018.10.10"]
[SourceVersion "1"]
[SourceVersionDate "2018.10.10"]
[SourceQuality "1"]

1. e4 c5 2. Nf3 Nc6 3. d4 cxd4 4. Nxd4 e5 5. Nb5 a6 6. Nd6+ Bxd6 7. Qxd6 Qf6 8. Qxf6 Nxf6 9. f3 d5 10. Nc3 Be6 11. a3 d4 12. Na4 Nd7 13. b3 Rc8 14. Bd2 0-0 15. Be2 b5 16. Nb2 Rfd8 17. 0-0 d3 18. Bxd3 Nd4 19. Ba5 Re8 20. Rab1 Nxc2 21. Bxc2 Rxc2 22. Nd3 f6 23. Be1 Rec8 24. Nb4 R2c7 25. a4 Nc5 26. Bf2 bxa4 1/2-1/2

[Event "Lima Surco op 4th"]
[Site "Lima"]
[Date "2017.10.28"]
[Round "4"]
[White "Sinti Pio, Jesus Moises"]
[Black "Perez, Rolando1111"]
[Result "1/2-1/2"]
[WhiteElo "1471"]
[BlackElo "1677"]
[PlyCount "38"]
[EventDate "2017.10.15"]
[EventType "swiss"]
[EventRounds "7"]
[EventCountry "PER"]
[SourceTitle "EXT 2019"]
[Source "ChessBase"]
[SourceDate "2018.10.10"]
[SourceVersion "1"]
[SourceVersionDate "2018.10.10"]
[SourceQuality "1"]

1. e4 e6 2. d4 d5 3. e5 c5 4. c3 Nc6 5. Nf3 Qb6 6. dxc5 Bxc5 7. Qc2 Qc7 8. Bf4 Nge7 9. Bb5 Bd7 10. Qe2 Ng6 11. Bg3 Nce7 12. Nbd2 Rc8 13. Nb3 Bb6 14. Nbd4 a6 15. Bd3 Nc6 16. 0-0 Na5 17. Rac1 Ba7 18. b3 b5 19. Rc2 Ne7 1/2-1/2